LEADER 00908nam a2200205 i 4500 001 000000254378 003 CaOOAMICUS 005 20170605000000.0 008 170605s1824 it u000 u ita u 013 $a233283 026 $ao.e- o.e- leun sazi (7) 1824 (A) 040 $aSeMil$bita 245 10$a15. 300 $a272 p., [1] c. di tav. :$bill. 773 0 $aCrevier, Jean Baptiste Louis <1693-1765>$tStoria degli imperatori romani di Crevier e del Basso impero di Le Beau. Versione ridotta a lezione migliore arricchita di annotazioni di un indice generale, con incisioni in rame istoriche e geografiche. Vol. 1.[- 57.].$dVenezia : Dalla Tipografia di Alvisopoli, 1822-1828$g15$w()33725 850 $aSeMil 852 $aSeMil$W1$xVenegono$y1$m3V VII 64 FA$j204724$B204724$CSeMilBibl$Z2$F218250 $8I 941 1 $a10 961 $aRecupero: Mantegazza 996 $6245$a15$9(OLS)http://semarc/title/153323 LEADER 01271nam a2200301 i 4500 001 000000121711 003 CaOOAMICUS 005 20220614160128.0 008 040108s2003 it u000 u ita u 013 $a94406 020 $a88-7812-115-0 040 $aSeMil$bita 100 1 $aGuerrini, Mauro,$d<1953- >.$0(OLS)http://semarc/name/354 245 10$aAuthority control /$cMauro Guerrini, Lucia Sardo. 264 1$aRoma :$bAssociazione Italiana Biblioteche,$c2003. 300 $a135 p. ;$c17 cm. 490 1 $aEnciclopedia tascabile ;$v23 650 4$aBiblioteconomia.$0(OLS)http://semarc/subject/6452 650 4$aBiblioteconomia - Catalogazione bibliografica.$0(OLS)http://semarc/subject/14217 700 1 $aSardo, Lucia.$0(OLS)http://semarc/name/50607 830 0$aEnciclopedia tascabile ;$v23.$0(OLS)http://semarc/title/7070 850 $aSeMil 852 $aSeMil$W1$xVenegono$y1$m3Y I 47$j258985$B76770$CSeMilBibl$Z2$F78239 $81 961 $aAcquisto: AIB - Associazione Italiana Biblioteche 996 $6020$a88-7812-115-0$9(OLS)http://semarc/number/107279 996 $6245$aAuthority control$9(OLS)http://semarc/title/179241 996 $6264$aRoma :$bAssociazione Italiana Biblioteche$9(OLS)http://semarc/publisher/32910